Rotas oceânicas (Registo nº 624)
[ vista simples ]
| 000 -Etiqueta do registo | |
|---|---|
| Cabeçalho | 01080cam a2200349 4500 |
| 005 - Identificador da versão | |
| Campo de controlo | 20240813121808.0 |
| 010 ## - Número internacional normalizado dos livros (ISBN) | |
| Número (ISBN) | 9727720846 |
| 021 ## - Número do Depósito Legal | |
| Código do país | PT |
| Número | 137939/99 |
| 035 ## - Other System Control Numbers | |
| System Control Number | 0000652 |
| System Control Number | 0000648 |
| System Control Number | 0000648 |
| System Control Number | 0000636 |
| 100 ## - Dados gerais de processamento | |
| Dados gerais de processamento | 19990503d1999 m y0pory5003 ba |
| 102 ## - Pais de publicação ou produção | |
| País de publicação | Portugal |
| 101 0# - Língua de publicação | |
| Língua do texto, banda sonora, etc. | Português |
| 106 ## - Campo de dados codificados: material textual | |
| Dados codificados do material textual | r |
| 105 ## - Campo de dados codificados: livros | |
| Dados codificados dos livros | y z 001yy |
| 215 ## - Descrição física | |
| Indicação específica da natureza do documento e extensão da espécie | 262, [1] p. |
| Outras indicações físicas | il. |
| Dimensões | 23 cm |
| 200 1# - Titulo e menção de responsabilidade | |
| Título próprio | Rotas oceânicas |
| Informação de outro título | sécs. XV-XVII |
| Primeira menção de responsabilidade | Quartas Jornadas de História Ibero-Americana |
| Outras menções de responsabilidade | coord. Maria da Graça A. Mateus Ventura |
| 225 2# - Colecção | |
| Título próprio da colecção | Extra-colecção |
| 205 ## - Menção da edição | |
| Menção da edição | 1ª ed |
| 210 ## - Publicação, Distribuição, etc. | |
| Lugar da edição, distribuição, etc. | Lisboa |
| Nome do editor, distribuidor, etc. | Colibri |
| Data da publicação, distribuição, etc. | 1999 |
| 606 ## - Nome comum usado como assunto | |
| Número de registo de entrada de autoridade | 0000769 |
| Palavra de ordem | Rotas comerciais |
| Subdivisão cronológica | Séc. 15-17 |
| Subdivisão de assunto | Congressos |
| -- | [Actas] |
| 675 ## - Classificação Decimal Universal (CDU) | |
| Notação | 930.85"14/16" |
| Edição | BN |
| Língua da edição | por |
| Notação | 347.799.1"14/16" |
| Edição | BN |
| Língua da edição | por |
| Notação | 061.3 |
| Edição | BN |
| Língua da edição | por |
| Edição | BN |
| Língua da edição | por |
| 702 #1 - Nome de autor-pessoa física (responsabilidade secundária) | |
| Número de registo de entrada de autoridade | 0000762 |
| Palavra de ordem | Ventura |
| Outra parte do nome não tomada para palavra de ordem | Maria da Graça Mateus |
| Datas | 1956- |
| Código de função | Editor literário / Coordenador |
| 710 #2 - Nome de colectividade-autor (responsabilidade principal) | |
| Número de registo de entrada de autoridade | 0000772 |
| Palavra de ordem | Jornadas de História Ibero-Americana |
| Número do grupo-eventual e/ou número de uma parte do grupo-eventual | 4 |
| Local do grupo-eventual | Portimão |
| Data do grupo-eventual | 1998 |
| 942 ## - Elementos de entrada adicionados (Koha) | |
| Tipo de item no Koha | Livro |
| Situação do levantamento | Origin of item (home branch) (coded) | Biblioteca de empréstimo | Código de barras | Circulation type (not for loan) | Tipo de documento | Nota do exemplar | Damaged status |
|---|---|---|---|---|---|---|---|
| Biblioteca Escolar Eng. Nuno Mergulhão | Biblioteca Escolar Eng. Nuno Mergulhão | BENM657 | Livro | Sem mensagem |
